000
00330nam a2200145Ia 4500
003
OSt
005
20240226115746.0
008
170524s9999 xx 000 0 und d
020
_a
978-9353168148
040
_c
IIMT UNIVERSITY
100
_a
Koontz Harold
245
0
_a
Essentials of Management
260
_a
TMH
942
_2
ddc
_c
01
999
_c
3010
_d
3010